000 00496nam a2200157 4500
001 127923
003 ES-MaACL
005 20230906193124.0
007 t|
008 070214s1969 sp r ||||1| spa d
100 1 _aRivero, José María del.
_997685
245 1 0 _aEjercicios, problemas y cuestiones sobre plagas y plaguicidas /
_cpor José María del Rivero.
260 _aMadrid :
_bMundi-Prensa,
_c1969.
300 _aXVIII, 709 p. :
_bil. ;
_c24 cm.
852 _aES-MaACL
_jC-41722
_bR.72966
999 _c127923
_d127923